All Euro 2024 Own Goals - Statistics

General Stats
  • This quiz has been taken 25 times
  • The average score is 4 of 10
Answer Stats
Player Country % Correct
Antonio Rüdiger Germany
91%
Riccardo Calafiori Italy
59%
Maximilian Wöber Austria
50%
Robin Le Normand Spain
50%
Jan Vertonghen Belgium
41%
Donyell Malen Netherlands
36%
Klaus Gjasula Albania
32%
Mert Müldür Türkiye
27%
Samet Akaydin Türkiye
23%
Robin Hranác Czechia
18%
No matching quizzes found
Score Distribution
Percent of People with Each Score
Percentile by Number Answered
Your Score History
You have not taken this quiz